<?xml version="1.0" encoding="UTF-8"?>
<record
    xmlns:xsi="http://www.w3.org/2001/XMLSchema-instance"
    xsi:schemaLocation="http://www.loc.gov/MARC21/slim http://www.loc.gov/standards/marcxml/schema/MARC21slim.xsd"
    xmlns="http://www.loc.gov/MARC21/slim">

  <leader>04134cam a22004574i 4500</leader>
  <controlfield tag="003">PE-LiUPU</controlfield>
  <controlfield tag="005">20250731173401.0</controlfield>
  <controlfield tag="008">150706s2010    xxu     r     000 0 spa d</controlfield>
  <datafield tag="020" ind1=" " ind2=" ">
    <subfield code="a">9780829756692</subfield>
  </datafield>
  <datafield tag="035" ind1=" " ind2=" ">
    <subfield code="a">(Sirsi) i9780829756692</subfield>
  </datafield>
  <datafield tag="040" ind1=" " ind2=" ">
    <subfield code="a">PE-LiUPU</subfield>
    <subfield code="b">spa</subfield>
    <subfield code="c">PE-LiUPU</subfield>
    <subfield code="e">rda</subfield>
  </datafield>
  <datafield tag="049" ind1=" " ind2=" ">
    <subfield code="a">PRUA</subfield>
  </datafield>
  <datafield tag="082" ind1="0" ind2="4">
    <subfield code="a">251.08</subfield>
    <subfield code="b">R53</subfield>
    <subfield code="2">21</subfield>
  </datafield>
  <datafield tag="100" ind1="1" ind2=" ">
    <subfield code="a">Rice, Walyne,</subfield>
    <subfield code="e">autor.</subfield>
  </datafield>
  <datafield tag="245" ind1="1" ind2="0">
    <subfield code="a">Ilustraciones inolvidables :</subfield>
    <subfield code="b">historias, cuentos y an&#xE9;cdotas para aquellos que hablan en p&#xFA;blico /</subfield>
    <subfield code="c">Wayne Rice .</subfield>
  </datafield>
  <datafield tag="264" ind1=" " ind2="1">
    <subfield code="a">Miami, Florida :</subfield>
    <subfield code="b">Editorial Vida,</subfield>
    <subfield code="c">2010.</subfield>
  </datafield>
  <datafield tag="300" ind1=" " ind2=" ">
    <subfield code="a">142 p&#xE1;ginas :</subfield>
    <subfield code="b">ilustraciones ;</subfield>
    <subfield code="c">23cent&#xED;metros</subfield>
  </datafield>
  <datafield tag="336" ind1=" " ind2=" ">
    <subfield code="a">text</subfield>
    <subfield code="2">rdacontent</subfield>
  </datafield>
  <datafield tag="337" ind1=" " ind2=" ">
    <subfield code="a">unmediated</subfield>
    <subfield code="2">rdamedia</subfield>
  </datafield>
  <datafield tag="338" ind1=" " ind2=" ">
    <subfield code="a">volume</subfield>
    <subfield code="2">rdacarrier</subfield>
  </datafield>
  <datafield tag="505" ind1="0" ind2=" ">
    <subfield code="a">Alejandro Magno -- Una respuesta a la oraci&#xF3;n -- Obediencia imponente -- El buque de guerra y el faro -- El oso en la cueva -- La bella y la bestia -- La picadura de abeja -- Cuidado con curare -- Grandes aventuras -- La gran roca -- La cita a ciegas -- Los hombres ciegos y el elefante -- La sangre de un vencedor -- El barco en el escaparate -- El conejo de Bonny -- Nacidos para volar -- La botella -- Comprados para ser libres -- El ni&#xF1;o y el circo -- El revuelto de Brandon -- Atrapados en una tormenta de nieve -- La gallina y el cerdo -- Escogiendo a Mar&#xED;a -- El payaso del circo -- El precipicio -- El ata&#xFA;d -- Regresando a casa -- La gracia computarizada -- El ladr&#xF3;n de galletas -- Canicas mortales -- El mercader de diamantes -- La polilla emperatriz -- Esquimales cazalobos -- Excusas, excusas -- Afrontar las consecuencias -- Termina la carrera -- Formaci&#xF3;n en V -- Los magnificos Wallendas -- Huellas en la arena -- Francia, 1943 -- Proclamando la palabra -- El guante -- El mejor bateador del Mundo -- Las carreras de galgos -- El dependiente de la tienda de comestibles -- El fuego de An&#xED;bal -- El regalo del ermita&#xF1;o -- El irremediable partido de b&#xE9;isbol -- C&#xF3;mo atrapar a un mono -- La reclamaci&#xF3;n de seguro -- Jes&#xFA;s y el Equipo de F&#xFA;tbol -- El l&#xED;o en la joyer&#xED;a -- El rompecabezas -- El candidato -- La sarna de Kebbitch -- El beso -- Parto de ovejas en Nueva Zelanda -- Poniendo ladrillos o construyendo catedrales -- El bote salvavidas -- La estaci&#xF3;n salvavidas -- La ni&#xF1;a y el piano -- Salto de longitud -- Perro perdido - recompensa </subfield>
    <subfield code=" ">50 -- Con amor, Julie -- El Espejo -- Una noche en la casa encantada -- No tiene mucho de hombre -- La refiner&#xED;a de petr&#xF3;leo -- Eliminado en el plato -- El cuadro de la &#xFA;ltima cena -- Pepe Rodr&#xED;guez -- El pr&#xED;ncipe de Granada -- La reina de Inglaterra -- Verdaderos amigos -- Las roscas invertidas -- Decisiones correctas -- Rodolfo y Olivia -- El secreto -- Afila tu hacha -- El joven m&#xE1;s inteligente del Mundo -- La mujer de sociedad -- Sparky, el perdedor -- La tentativa de suicidio -- Teddy y la se&#xF1;orita Thompson -- Tel&#xE9;maco va a Roma -- Term&#xF3;metros y termostatos -- Thomas Edison, el fracasado -- Las tres hilanderas -- La cuerda floja y la carretilla -- Demasiados maquinistas -- El tractor de competici&#xF3;n -- La  merienda de las tortugas -- Determinaci&#xF3;n intransigente -- El W.C -- Ya te avisaremos -- &#xBF;Qu&#xE9; vida? -- &#xBF;Cu&#xE1;ndo muero yo? -- La Ventana -- Riegels, vas en sentido contrario -- T&#xFA;, tambi&#xE9;n, puedes ser hermosa.</subfield>
  </datafield>
  <datafield tag="526" ind1=" " ind2=" ">
    <subfield code="a">SEG42</subfield>
  </datafield>
  <datafield tag="526" ind1=" " ind2=" ">
    <subfield code="a">SEG41</subfield>
  </datafield>
  <datafield tag="526" ind1=" " ind2=" ">
    <subfield code="a">SEG40</subfield>
  </datafield>
  <datafield tag="526" ind1=" " ind2=" ">
    <subfield code="a">SEG39</subfield>
  </datafield>
  <datafield tag="526" ind1=" " ind2=" ">
    <subfield code="a">P94</subfield>
  </datafield>
  <datafield tag="526" ind1=" " ind2=" ">
    <subfield code="a">P87</subfield>
  </datafield>
  <datafield tag="526" ind1=" " ind2=" ">
    <subfield code="a">P86</subfield>
  </datafield>
  <datafield tag="526" ind1=" " ind2=" ">
    <subfield code="a">P85</subfield>
  </datafield>
  <datafield tag="526" ind1=" " ind2=" ">
    <subfield code="a">P77</subfield>
  </datafield>
  <datafield tag="526" ind1=" " ind2=" ">
    <subfield code="a">P76</subfield>
  </datafield>
  <datafield tag="526" ind1=" " ind2=" ">
    <subfield code="a">P35</subfield>
  </datafield>
  <datafield tag="541" ind1=" " ind2=" ">
    <subfield code="g">001-0000506;</subfield>
  </datafield>
  <datafield tag="650" ind1="0" ind2="4">
    <subfield code="a">Ilustraciones homil&#xE9;ticas.</subfield>
  </datafield>
  <datafield tag="910" ind1=" " ind2=" ">
    <subfield code="a">gl</subfield>
    <subfield code="b">jck</subfield>
    <subfield code="d">20110217</subfield>
  </datafield>
  <datafield tag="942" ind1=" " ind2=" ">
    <subfield code="2">ddc</subfield>
    <subfield code="c">BOOK</subfield>
  </datafield>
  <datafield tag="949" ind1=" " ind2=" ">
    <subfield code="a">251.08 R53</subfield>
    <subfield code="w">DEWEY</subfield>
    <subfield code="c">1</subfield>
    <subfield code="i">62642</subfield>
    <subfield code="d">2016-9-29</subfield>
    <subfield code="e">2016-9-26</subfield>
    <subfield code="l">CCODEBUL1</subfield>
    <subfield code="m">BUL</subfield>
    <subfield code="n">1</subfield>
    <subfield code="p">18.00</subfield>
    <subfield code="r">0</subfield>
    <subfield code="s">Y</subfield>
    <subfield code="t">BOOK</subfield>
    <subfield code="u">2015-7-6</subfield>
    <subfield code="x">TEOLOGIA</subfield>
    <subfield code="P">P35</subfield>
    <subfield code="0">COMPRA</subfield>
    <subfield code="o">.STAFF. Colecci&#xF3;n Teolog&#xED;a</subfield>
  </datafield>
  <datafield tag="994" ind1=" " ind2=" ">
    <subfield code="a">C0</subfield>
    <subfield code="b">PEPRU</subfield>
  </datafield>
  <datafield tag="596" ind1=" " ind2=" ">
    <subfield code="a">1</subfield>
  </datafield>
  <datafield tag="999" ind1=" " ind2=" ">
    <subfield code="a">251.08 R53</subfield>
    <subfield code="w">DEWEY</subfield>
    <subfield code="c">51737</subfield>
    <subfield code="i">62642</subfield>
    <subfield code="d">51737</subfield>
    <subfield code="e">2016-9-26</subfield>
    <subfield code="f">2021-11-9</subfield>
    <subfield code="g">5</subfield>
    <subfield code="l">CCODEBUL1</subfield>
    <subfield code="m">BUL</subfield>
    <subfield code="n">1</subfield>
    <subfield code="p">18.00</subfield>
    <subfield code="q">2</subfield>
    <subfield code="r">0</subfield>
    <subfield code="s">Y</subfield>
    <subfield code="t">BOOK</subfield>
    <subfield code="u">2015-7-6</subfield>
    <subfield code="x">TEOLOGIA</subfield>
    <subfield code="P">P35</subfield>
    <subfield code="0">COMPRA</subfield>
    <subfield code="o">.STAFF. Colecci&#xF3;n Teolog&#xED;a</subfield>
  </datafield>
  <datafield tag="980" ind1=" " ind2=" ">
    <subfield code="8">1</subfield>
    <subfield code="g">ALBERTO SANCHEZ Responsable de Automatizaci&#xF3;n</subfield>
  </datafield>
  <datafield tag="952" ind1=" " ind2=" ">
    <subfield code="r">2025-12-03 00:00:00</subfield>
    <subfield code="i">6</subfield>
    <subfield code="l">2</subfield>
    <subfield code="o">251.08 R53</subfield>
    <subfield code="p">62642</subfield>
    <subfield code="s">2025-06-04</subfield>
    <subfield code="t">e1</subfield>
    <subfield code="v">23.00</subfield>
    <subfield code="w">2015-07-06</subfield>
    <subfield code="x">FT</subfield>
    <subfield code="y">BK</subfield>
    <subfield code="z">inventario-2023-12-13</subfield>
    <subfield code="1">0</subfield>
    <subfield code="2">ddc</subfield>
    <subfield code="5">0</subfield>
    <subfield code="7">0</subfield>
    <subfield code="8">GEN</subfield>
    <subfield code="f">P35</subfield>
    <subfield code="a">BUL</subfield>
    <subfield code="b">BUL</subfield>
    <subfield code="c">GEN</subfield>
    <subfield code="d">2015-07-06</subfield>
    <subfield code="e">COMPRA</subfield>
    <subfield code="g">18.00</subfield>
  </datafield>
</record>
